[Event "Sant' Anna op 10th"]
[Site "Pisignano di Vernole"]
[Date "2007.08.10"]
[Round "5"]
[White "Della Rocca, Luigi"]
[Black "Caggiano, Carmine"]
[Result "0-1"]
[WhiteElo "1832"]
[BlackElo "1874"]
[PlyCount "54"]
[EventDate "2007.08.07"]
[EventType "swiss"]
[EventRounds "7"]
[EventCountry "ITA"]
[SourceTitle "EXT 2009"]
[Source "ChessBase"]
[SourceDate "2008.11.26"]
[SourceVersion "1"]
[SourceVersionDate "2008.11.26"]
[SourceQuality "1"]

1. e4 e6 2. d4 d5 3. Nd2 Nf6 4. e5 Nfd7 5. Ne2 c5 6. c3 Nc6 7. g3 Qb6 8. Nb3 a5 9. a4 cxd4 10. Nexd4 Ndxe5 11. Nb5 Be7 12. h4 0-0 13. h5 Nc4 14. g4 e5 15. Qxd5 Be6 16. Qe4 Nd6 17. Nxd6 Bxd6 18. Nd2 f5 19. gxf5 Bxf5 20. Qd5+ Kh8 21. Qxd6 Rad8 22. Qa3 Bc2 23. Rh2 e4 24. Nc4 Rd1+ 25. Ke2 Qd8 26. Rh3 Qf6 27. Be3 Qf3+ 0-1

[Event "Sant' Anna op 10th"]
[Site "Pisignano di Vernole"]
[Date "2007.08.08"]
[Round "3"]
[White "Caggiano, Carmine"]
[Black "Fontanarosa, Luca"]
[Result "0-1"]
[WhiteElo "1874"]
[BlackElo "1817"]
[PlyCount "116"]
[EventDate "2007.08.07"]
[EventType "swiss"]
[EventRounds "7"]
[EventCountry "ITA"]
[SourceTitle "EXT 2009"]
[Source "ChessBase"]
[SourceDate "2008.11.26"]
[SourceVersion "1"]
[SourceVersionDate "2008.11.26"]
[SourceQuality "1"]

1. e4 c5 2. Nc3 Nc6 3. g3 g6 4. Bg2 Bg7 5. Nge2 d6 6. 0-0 Rb8 7. d3 b5 8. Rb1 b4 9. Nd5 e6 10. Ne3 Nge7 11. f4 f5 12. exf5 exf5 13. Nd5 0-0 14. Re1 Bb7 15. c3 Nxd5 16. Bxd5+ Kh8 17. Bd2 a5 18. a3 bxa3 19. bxa3 Ba8 20. Qa4 Qc7 21. c4 Nd4 22. Rxb8 Rxb8 23. Nxd4 Bxd4+ 24. Kf1 Bxd5 25. cxd5 Kg7 26. Qc6 Qxc6 27. dxc6 Rc8 28. Re7+ Kf6 29. Rxh7 Rxc6 30. Bxa5 Ra6 31. Bd8+ Ke6 32. Rh6 Kf7 33. Rh7+ Bg7 34. Bc7 Kg8 35. Rh4 Bf6 36. Rh3 Be7 37. Ke2 Rxa3 38. Bb8 Rb3 39. Bc7 Rb7 40. Ba5 Bf6 41. Kf3 Rb3 42. Ke2 Rb2+ 43. Kd1 Ra2 44. Bc7 Be7 45. Bb8 Kg7 46. Kc1 Ra6 47. Kc2 Bd8 48. g4 fxg4 49. Rg3 Rb6 50. Bxd6 Rxd6 51. Rxg4 Kf6 52. Rg5 Bb6 53. h4 Rd4 54. h5 gxh5 55. Rxh5 Ba7 56. Rh7 Bb8 57. Rh4 Bd6 58. Rh5 Bxf4 0-1

[Event "Sant' Anna op 10th"]
[Site "Pisignano di Vernole"]
[Date "2007.08.08"]
[Round "2"]
[White "Vespe, Francesco"]
[Black "Caggiano, Carmine"]
[Result "1-0"]
[WhiteElo "2058"]
[BlackElo "1874"]
[PlyCount "99"]
[EventDate "2007.08.07"]
[EventType "swiss"]
[EventRounds "7"]
[EventCountry "ITA"]
[SourceTitle "EXT 2009"]
[Source "ChessBase"]
[SourceDate "2008.11.26"]
[SourceVersion "1"]
[SourceVersionDate "2008.11.26"]
[SourceQuality "1"]

1. d4 g6 2. c4 Bg7 3. e4 d6 4. Nc3 Nd7 5. Be3 b6 6. g3 Bb7 7. Bg2 e6 8. Nge2 Ne7 9. 0-0 a6 10. Qd2 h6 11. Rac1 Nf6 12. h3 c5 13. e5 Bxg2 14. exf6 Bxf1 15. fxg7 Rg8 16. Kxf1 Rxg7 17. Bxh6 Rh7 18. Ne4 Ng8 19. Bf4 e5 20. dxe5 dxe5 21. Nd6+ Kf8 22. Bxe5 Rxh3 23. Qd5 Rh7 24. Nf4 Ne7 25. Qe4 Ra7 26. Re1 Kg8 27. Nd5 Nxd5 28. cxd5 f5 29. Qf3 Rad7 30. Kg2 Qf8 31. Nc4 b5 32. Ne3 Qh6 33. Kf1 c4 34. d6 Qh1+ 35. Qxh1 Rxh1+ 36. Ke2 Rxe1+ 37. Kxe1 Kf7 38. f4 Ke6 39. Kd2 Rh7 40. Nf1 Rh1 41. Ke2 a5 42. Ne3 Ra1 43. Nd5 b4 44. Nb6 Rh1 45. d7 Ke7 46. Bf6+ Kxf6 47. d8Q+ Kg7 48. Nd5 c3 49. Qf6+ Kh7 50. Ne7 1-0